England's Euro '96 Squad - Statistics

General Stats
  • This quiz has been taken 234 times
  • The average score is 16 of 23
Answer Stats
Club Team Answer % Correct
Arsenal David Seaman
97%
Blackburn Rovers Alan Shearer
96%
Glasgow Rangers Paul Gascoigne
94%
Tottenham Hotspur Teddy Sheringham
88%
Arsenal Tony Adams
87%
Manchester United Gary Neville
83%
Manchester United Phil Neville
83%
Liverpool Robbie Fowler
77%
Aston Villa Gareth Southgate
76%
Inter Milan Paul Ince
76%
Nottingham Forest Stuart Pearce
76%
(Manager) Terry Venables
73%
Liverpool Steve McManaman
71%
Newcastle United Les Ferdinand
67%
Tottenham Hotspur Darren Anderton
65%
Arsenal David Platt
56%
Blackburn Rovers Tim Flowers
56%
Tottenham Hotspur Sol Campbell
53%
Tottenham Hotspur Ian Walker
50%
Liverpool Jamie Redknapp
50%
Nottingham Forest Steve Stone
43%
Middlesbrough Nick Barmby
31%
Newcastle United Steve Howey
29%
No matching quizzes found
Score Distribution
Percent of People with Each Score
Percentile by Number Answered
Your Score History
You have not taken this quiz